|
|
|
|
| LEADER |
00000nab a2200000 a 4500 |
| 001 |
vtls010479808 |
| 003 |
SK-MaSNL |
| 005 |
20260304155855.0 |
| 008 |
250507c2012 xo mr|p|||an |000 b|slo |
| 015 |
|
|
|a SNBRB2012/12
|
| 035 |
|
|
|a (uuid)40a41728-be82-458c-83f1-abac1576d3f1
|
| 035 |
|
|
|a urn:nbn:sk:snk-ab9taw
|
| 035 |
|
|
|a (urnnbn)urn:nbn:sk:snk:ar-a08s3r
|
| 038 |
|
|
|a SPK
|
| 040 |
|
|
|a SNKBUCL
|b slo
|c SNKBUCL
|e AACR2
|
| 041 |
0 |
|
|a eng
|b eng
|
| 044 |
|
|
|a xo
|c SK
|
| 072 |
|
7 |
|a 371
|x Školstvo (organizácia)
|2 konspekt
|
| 072 |
|
7 |
|a 004
|x Počítačová veda. Výpočtová technika. Informačné technológie
|2 konspekt
|
| 072 |
|
7 |
|a 339
|x Obchod
|2 konspekt
|
| 080 |
|
|
|a 371.3:004
|2 2001
|
| 080 |
|
|
|a 004
|2 2001
|
| 080 |
|
|
|a 339.138
|2 2001
|
| 100 |
1 |
|
|a Eger, Ludvík
|4 aut
|9 807329
|
| 245 |
1 |
0 |
|a E-learning courses and the potential of viral marketing
|c Ludvík Eger, Jan Petrtyl
|
| 300 |
|
|
|b Tab.
|
| 504 |
|
|
|a Bibliogr. odkazy
|
| 546 |
|
|
|a Res. angl.
|
| 650 |
0 |
7 |
|a e-learning
|2 snkbucl
|9 28660
|
| 650 |
0 |
7 |
|a marketing
|2 snkbucl
|9 2299
|
| 700 |
1 |
|
|a Petrtyl, Jan
|4 aut
|9 1479808
|
| 773 |
0 |
|
|t Technológia vzdelávania
|g Roč. XX., č. 6 (2012), s. 10-15
|x 1335-003X
|
| 850 |
|
|
|a Slovenská národná knižnica
|
| 852 |
|
|
|a Slovenská národná knižnica
|
| 958 |
|
|
|a article13
|
| 958 |
|
|
|a NB
|2 spk
|
| 958 |
|
|
|a OND
|
| 958 |
|
|
|a EUIPO
|
| 999 |
|
|
|c 2964539
|d 2966469
|